| 000 | 00514nam a2200157Ia 4500 | ||
|---|---|---|---|
| 001 | 6656 | ||
| 008 | 260622s9999 xx 000 0 und d | ||
| 245 | 0 |
_aExposure Jerusalem/ _bملامح القدس |
|
| 260 |
_aJerusalem; _bAl Ma'mal Foundation for Contemporary Art; _c2001 |
||
| 300 |
_a170p; _c26x20cm |
||
| 520 | _aEditor: Jack Persekian. Artistic director: Khalil Rabah. | ||
| 546 | _aEnglish; Arabic | ||
| 650 | _aTR624-835 Technology- Applied Photography | ||
| 651 |
_aPalestine _zJerusalem |
||
| 942 | _cBK | ||
| 999 |
_c6656 _d6656 |
||